00995cam a22002411 4500001001300000003000400013005001700017008004100034010001700075035002000092040005200112042001200164050002200176100004500198245028900243260003000532300002700562490005000589500001800639650003700657700004200694999001700736e 34000506 DLC20260227111224.0871223s1933 dcu b 000 0 eng c ae 34000506  a(OCoLC)17283216 aLibrary, U.S. Office of EducationcCU-BANCdDLC apremarc00aZ5811b.U42 no. 81 aCook, Katherine Margaret O'Brien,ecomp.00aGood references on the education of the indigenous peoples of Mexico ...ccompiled by Katherine M. Cook, chief, Division of Special Problems and Florence E. Reynolds. U.S. Department of the Interior, Ray Lyman Wilbur, Secretary. Office of Education, William John Cooper, Commissioner. a[Washington, D.C.,c1933] a1 p. l., 11 p.c23 cm.0 aU.S. Office of Education. Bibliographyvno. 8 aMimeographed. 0aEducationzMexicovBibliography.1 aReynolds, Florence Evan,ejoint comp. c21397d21397